[Event "Stay Safe Play From Home 326"]
[Site "Mustafa Kemal Atatürk"]
[Date "2020.07.23"]
[Round "7"]
[White "Lamborghini"]
[Black "Lazieri3"]
[Result "1-0"]
[WhiteElo "2189"]
[BlackElo "2141"]
[PlyCount "109"]
[EventDate "2020.07.23"]
[EventType "swiss (blitz)"]

1. e4 {[%emt 0:00:01]} c6 {[%emt 0:00:00]} 2. d4 {[%emt 0:00:01]} d5 {[%emt 0:00:00] Lazieri3 offers a draw} 3. Nc3 {[%emt 0:00:01]} dxe4 {[%emt 0:00:01]} 4. Nxe4 {[%emt 0:00:00]} Nd7 {[%emt 0:00:01]} 5. Ng5 {[%emt 0:00:01]} Ndf6 {[%emt 0:00:01]} 6. Bc4 {[%emt 0:00:01]} e6 {[%emt 0:00:01]} 7. N1f3 {[%emt 0:00:01]} h6 {[%emt 0:00:01]} 8. Nh3 {[%emt 0:00:03]} Bd6 {[%emt 0:00:02]} 9. Qe2 {[%emt 0:00:01]} Ne7 {[%emt 0:00:01]} 10. Nf4 {[%emt 0:00:01]} Ned5 {[%emt 0:00:02]} 11. Nd3 {[%emt 0:00:01]} Qc7 {[%emt 0:00:02]} 12. h3 {[%emt 0:00:03]} Nf4 {[%emt 0:00:01]} 13. Bxf4 {[%emt 0:00:03]} Bxf4 {[%emt 0:00:00]} 14. Nfe5 {[%emt 0:00:02]} Bxe5 {[%emt 0:00:01]} 15. dxe5 {[%emt 0:00:01]} Nd5 {[%emt 0:00:02]} 16. Bb3 {[%emt 0:00:03]} Bd7 {[%emt 0:00:01]} 17. c4 {[%emt 0:00:01]} Ne7 {[%emt 0:00:02]} 18. g4 {[%emt 0:00:02]} c5 {[%emt 0:00:02]} 19. Qe3 {[%emt 0:00:01]} b6 {[%emt 0:00:01]} 20. O-O-O {[%emt 0:00:01]} O-O-O {[%emt 0:00:02]} 21. f4 {[%emt 0:00:01]} Bc6 {[%emt 0:00:01]} 22. Rhf1 {[%emt 0:00:01]} Rd4 {[%emt 0:00:01]} 23. Ne1 {[%emt 0:00:06]} Rhd8 {[%emt 0:00:01]} 24. Rxd4 {[%emt 0:00:02]} Rxd4 {[%emt 0:00:00]} 25. Nc2 {[%emt 0:00:01]} Rd7 {[%emt 0:00:05]} 26. Rd1 {[%emt 0:00:01]} Rxd1+ {[%emt 0:00:01]} 27. Kxd1 {[%emt 0:00:00]} Qd7+ {[%emt 0:00:01]} 28. Kc1 {[%emt 0:00:01]} Ba4 {[%emt 0:00:01]} 29. Bxa4 {[%emt 0:00:02]} Qxa4 {[%emt 0:00:00]} 30. Na3 {[%emt 0:00:01]} Nc6 {[%emt 0:00:02]} 31. Qe4 {[%emt 0:00:04]} Kc7 {[%emt 0:00:01]} 32. Nb5+ {[%emt 0:00:03]} Kd7 {[%emt 0:00:04]} 33. Qd3+ {[%emt 0:00:01]} Nd4 {[%emt 0:00:02]} 34. Nxd4 {[%emt 0:00:01]} cxd4 {[%emt 0:00:00]} 35. Qxd4+ {[%emt 0:00:01]} Ke8 {[%emt 0:00:01]} 36. a3 {[%emt 0:00:00]} Qb3 {[%emt 0:00:01]} 37. Qc3 {[%emt 0:00:01]} Qxc3+ {[%emt 0:00:01]} 38. bxc3 {[%emt 0:00:00]} Kd7 {[%emt 0:00:00]} 39. Kc2 {[%emt 0:00:00]} Kc6 {[%emt 0:00:00]} 40. Kd2 {[%emt 0:00:01]} g6 {[%emt 0:00:02]} 41. Kd3 {[%emt 0:00:00]} Kc5 {[%emt 0:00:02]} 42. a4 {[%emt 0:00:00]} a6 {[%emt 0:00:02]} 43. h4 {[%emt 0:00:00]} h5 {[%emt 0:00:01]} 44. gxh5 {[%emt 0:00:02]} gxh5 {[%emt 0:00:00]} 45. f5 {[%emt 0:00:00]} exf5 {[%emt 0:00:01]} 46. Ke3 {[%emt 0:00:00]} Kxc4 {[%emt 0:00:01]} 47. Kf4 {[%emt 0:00:00]} b5 {[%emt 0:00:00]} 48. Kxf5 {[%emt 0:00:00]} bxa4 {[%emt 0:00:00]} 49. e6 {[%emt 0:00:01]} a3 {[%emt 0:00:00]} 50. e7 {[%emt 0:00:01]} a2 {[%emt 0:00:00]} 51. e8=Q {[%emt 0:00:00]} a1=Q {[%emt 0:00:00]} 52. Qxf7+ {[%emt 0:00:00]} Kxc3 {[%emt 0:00:01]} 53. Qf6+ {[%emt 0:00:00]} Kc2 {[%emt 0:00:00]} 54. Qxa1 {[%emt 0:00:00]} a5 {[%emt 0:00:00]} 55. Qxa5 {[%emt 0:00:02] Time (Lag: Av=0.60s, max=1.1s)} 1-0

[Event "Stay Safe Play From Home 326"]
[Site "Mustafa Kemal Atatürk"]
[Date "2020.07.23"]
[Round "7"]
[White "SoulofWolf"]
[Black "Haxhi Baha"]
[Result "1-0"]
[WhiteElo "2059"]
[BlackElo "2085"]
[PlyCount "123"]
[EventDate "2020.07.23"]
[EventType "swiss (blitz)"]

1. e4 {[%emt 0:00:00]} e6 {[%emt 0:00:01]} 2. Nc3 {[%emt 0:00:00]} d5 {[%emt 0:00:00]} 3. e5 {[%emt 0:00:01]} d4 {[%emt 0:00:01]} 4. Ne4 {[%emt 0:00:01]} c5 {[%emt 0:00:01]} 5. f4 {[%emt 0:00:00]} Nc6 {[%emt 0:00:00]} 6. Nf3 {[%emt 0:00:01]} f5 {[%emt 0:00:01]} 7. Ng3 {[%emt 0:00:02]} Be7 {[%emt 0:00:02]} 8. a4 {[%emt 0:00:01]} Nh6 {[%emt 0:00:01]} 9. Bc4 {[%emt 0:00:01]} Nf7 {[%emt 0:00:01]} 10. O-O {[%emt 0:00:01]} Na5 {[%emt 0:00:01]} 11. Ba2 {[%emt 0:00:01]} Bd7 {[%emt 0:00:00]} 12. d3 {[%emt 0:00:00]} Nc6 {[%emt 0:00:01]} 13. Bd2 {[%emt 0:00:01]} Nb4 {[%emt 0:00:01]} 14. Bb3 {[%emt 0:00:01]} Bc6 {[%emt 0:00:03]} 15. Qe2 {[%emt 0:00:01]} Nd5 {[%emt 0:00:01]} 16. c4 {[%emt 0:00:04]} dxc3 {[%emt 0:00:02]} 17. bxc3 {[%emt 0:00:00]} Qd7 {[%emt 0:00:01]} 18. Rfb1 {[%emt 0:00:02]} O-O {[%emt 0:00:02]} 19. Bc2 {[%emt 0:00:00]} b6 {[%emt 0:00:02]} 20. Nf1 {[%emt 0:00:02]} g6 {[%emt 0:00:01]} 21. g3 {[%emt 0:00:00]} Rfd8 {[%emt 0:00:01]} 22. Ne3 {[%emt 0:00:01]} Nxe3 {[%emt 0:00:01]} 23. Bxe3 {[%emt 0:00:00]} Qd5 {[%emt 0:00:01]} 24. Rf1 {[%emt 0:00:03]} Rd7 {[%emt 0:00:01]} 25. c4 {[%emt 0:00:00]} Qxf3 {[%emt 0:00:03]} 26. Rxf3 {[%emt 0:00:00]} Bxf3 {[%emt 0:00:01]} 27. Qxf3 {[%emt 0:00:00]} Rad8 {[%emt 0:00:00]} 28. Qe2 {[%emt 0:00:01]} g5 {[%emt 0:00:01]} 29. a5 {[%emt 0:00:01]} g4 {[%emt 0:00:01]} 30. axb6 {[%emt 0:00:01]} axb6 {[%emt 0:00:00]} 31. Rb1 {[%emt 0:00:01]} Rb8 {[%emt 0:00:03]} 32. Ba4 {[%emt 0:00:01]} Rdb7 {[%emt 0:00:01]} 33. Bc6 {[%emt 0:00:01]} Rc7 {[%emt 0:00:00]} 34. Bg2 {[%emt 0:00:01]} Nd8 {[%emt 0:00:01]} 35. Qb2 {[%emt 0:00:01]} Nc6 {[%emt 0:00:01]} 36. Bxc6 {[%emt 0:00:02]} Rxc6 {[%emt 0:00:00]} 37. Qb5 {[%emt 0:00:02]} Rc7 {[%emt 0:00:00]} 38. d4 {[%emt 0:00:03]} cxd4 {[%emt 0:00:02]} 39. Bxd4 {[%emt 0:00:00]} Kf7 {[%emt 0:00:01]} 40. Kg2 {[%emt 0:00:01]} Rd8 {[%emt 0:00:01]} 41. Bf2 {[%emt 0:00:02]} Rd2 {[%emt 0:00:02]} 42. Rb2 {[%emt 0:00:00]} Rd3 {[%emt 0:00:03]} 43. Qxb6 {[%emt 0:00:01]} Rxc4 {[%emt 0:00:01]} 44. Qb7 {[%emt 0:00:02]} Rcc3 {[%emt 0:00:01]} 45. Rb5 {[%emt 0:00:02]} Rd2 {[%emt 0:00:03]} 46. Rb2 {[%emt 0:00:01]} Rcc2 {[%emt 0:00:01]} 47. Rxc2 {[%emt 0:00:01]} Rxc2 {[%emt 0:00:00]} 48. Qd7 {[%emt 0:00:01]} Rb2 {[%emt 0:00:01]} 49. h4 {[%emt 0:00:01]} Rb1 {[%emt 0:00:01]} 50. h5 {[%emt 0:00:01]} Rb2 {[%emt 0:00:00]} 51. Qa7 {[%emt 0:00:01]} Rc2 {[%emt 0:00:01]} 52. Kf1 {[%emt 0:00:01]} Rc1+ {[%emt 0:00:00]} 53. Ke2 {[%emt 0:00:00]} Rc2+ {[%emt 0:00:00]} 54. Ke1 {[%emt 0:00:00]} Rb2 {[%emt 0:00:00]} 55. Be3 {[%emt 0:00:01]} Ra2 {[%emt 0:00:01]} 56. Qxa2 {[%emt 0:00:01]} Bd8 {[%emt 0:00:01]} 57. Qb3 {[%emt 0:00:00]} Kg7 {[%emt 0:00:00]} 58. Kf2 {[%emt 0:00:00]} Kh6 {[%emt 0:00:00]} 59. Bd2 {[%emt 0:00:00]} Kxh5 {[%emt 0:00:00]} 60. Ke2 {[%emt 0:00:00]} h6 {[%emt 0:00:00]} 61. Be3 {[%emt 0:00:00]} Bb6 {[%emt 0:00:00]} 62. Bf2 {[%emt 0:00:00] Time (Lag: Av=0.96s, max=1.7s) '} 1-0

[Event "Stay Safe Play From Home 326"]
[Site "Mustafa Kemal Atatürk"]
[Date "2020.07.23"]
[Round "7"]
[White "Stefanone"]
[Black "NeatFox"]
[Result "0-1"]
[WhiteElo "2051"]
[BlackElo "1813"]
[PlyCount "112"]
[EventDate "2020.07.23"]
[EventType "swiss (blitz)"]

1. e4 {[%emt 0:00:01]} e5 {[%emt 0:00:01]} 2. d3 {[%emt 0:00:00]} Nc6 {[%emt 0:00:00]} 3. Nd2 {[%emt 0:00:00]} d6 {[%emt 0:00:00]} 4. Ngf3 {[%emt 0:00:00]} Bg4 {[%emt 0:00:01]} 5. Be2 {[%emt 0:00:00]} Be7 {[%emt 0:00:03]} 6. O-O {[%emt 0:00:00]} Nf6 {[%emt 0:00:01]} 7. c3 {[%emt 0:00:00]} O-O {[%emt 0:00:01]} 8. Qc2 {[%emt 0:00:01]} Qd7 {[%emt 0:00:01]} 9. Nc4 {[%emt 0:00:01]} b6 {[%emt 0:00:01]} 10. Ne3 {[%emt 0:00:01]} Be6 {[%emt 0:00:01]} 11. Nh4 {[%emt 0:00:02]} Rab8 {[%emt 0:00:02]} 12. Nhf5 {[%emt 0:00:01]} Bd8 {[%emt 0:00:03]} 13. Qd2 {[%emt 0:00:01]} Ne7 {[%emt 0:00:01]} 14. f4 {[%emt 0:00:01]} Nxf5 {[%emt 0:00:01]} 15. exf5 {[%emt 0:00:01]} Bd5 {[%emt 0:00:01]} 16. Nxd5 {[%emt 0:00:01]} Nxd5 {[%emt 0:00:00]} 17. fxe5 {[%emt 0:00:00]} dxe5 {[%emt 0:00:00]} 18. Bf3 {[%emt 0:00:02]} Nf4 {[%emt 0:00:02]} 19. g4 {[%emt 0:00:01]} c5 {[%emt 0:00:03]} 20. Qe1 {[%emt 0:00:04]} Bc7 {[%emt 0:00:01]} 21. Bxf4 {[%emt 0:00:01]} exf4 {[%emt 0:00:00]} 22. Be4 {[%emt 0:00:01]} Qd6 {[%emt 0:00:01]} 23. Rf3 {[%emt 0:00:02]} Rbe8 {[%emt 0:00:02]} 24. Qf2 {[%emt 0:00:01]} Re7 {[%emt 0:00:01]} 25. Rf1 {[%emt 0:00:01]} Rfe8 {[%emt 0:00:01]} 26. g5 {[%emt 0:00:01]} f6 {[%emt 0:00:02]} 27. g6 {[%emt 0:00:01]} h6 {[%emt 0:00:01]} 28. Rh3 {[%emt 0:00:01]} Qe5 {[%emt 0:00:03]} 29. Qf3 {[%emt 0:00:01]} Kf8 {[%emt 0:00:01]} 30. Rf2 {[%emt 0:00:04]} Rd7 {[%emt 0:00:01]} 31. Bc6 {[%emt 0:00:01]} Red8 {[%emt 0:00:01]} 32. Bxd7 {[%emt 0:00:01]} Rxd7 {[%emt 0:00:00]} 33. Qa8+ {[%emt 0:00:02]} Ke7 {[%emt 0:00:01]} 34. Qc6 {[%emt 0:00:05]} Qe1+ {[%emt 0:00:01]} 35. Kg2 {[%emt 0:00:01]} Qe5 {[%emt 0:00:00]} 36. Rhf3 {[%emt 0:00:01]} Bd6 {[%emt 0:00:01]} 37. Qe4 {[%emt 0:00:02]} Qxe4 {[%emt 0:00:01]} 38. dxe4 {[%emt 0:00:00]} Be5 {[%emt 0:00:01]} 39. Re2 {[%emt 0:00:01]} Rd1 {[%emt 0:00:01]} 40. h4 {[%emt 0:00:01]} Kd6 {[%emt 0:00:01]} 41. c4 {[%emt 0:00:01]} Kc6 {[%emt 0:00:01]} 42. Rc2 {[%emt 0:00:01]} b5 {[%emt 0:00:00]} 43. b3 {[%emt 0:00:01]} bxc4 {[%emt 0:00:00]} 44. Rxc4 {[%emt 0:00:00]} Rd2+ {[%emt 0:00:00]} 45. Rf2 {[%emt 0:00:01]} Rd3 {[%emt 0:00:01]} 46. Rf3 {[%emt 0:00:01]} Rd2+ {[%emt 0:00:01]} 47. Kf1 {[%emt 0:00:01]} Rd1+ {[%emt 0:00:01]} 48. Ke2 {[%emt 0:00:01]} Rd6 {[%emt 0:00:01]} 49. Rfc3 {[%emt 0:00:01]} Bd4 {[%emt 0:00:02]} 50. Rc2 {[%emt 0:00:02]} Kb6 {[%emt 0:00:01]} 51. b4 {[%emt 0:00:01]} cxb4 {[%emt 0:00:00]} 52. Rc8 {[%emt 0:00:01]} Bc5 {[%emt 0:00:01]} 53. Rc4 {[%emt 0:00:00]} Kb5 {[%emt 0:00:01]} 54. e5 {[%emt 0:00:01] .} Rd4 {[%emt 0:00:01]} 55. e6 {[%emt 0:00:00]} Rxc4 {[%emt 0:00:00]} 56. e7 {[%emt 0:00:00]} Re4+ {[%emt 0:00:00] Tempo (Lag: Av=0.40s, max=0.9s)} 0-1

[Event "Stay Safe Play From Home 326"]
[Site "Mustafa Kemal Atatürk"]
[Date "2020.07.23"]
[Round "7"]
[White "Boergi"]
[Black "Mandy"]
[Result "1-0"]
[WhiteElo "1737"]
[BlackElo "868"]
[Annotator "NA"]
[PlyCount "35"]
[EventDate "2020.07.23"]
[EventType "swiss (blitz)"]

1. e4 {[%emt 0:00:01]} c6 {[%emt 0:00:02]} 2. d4 {[%emt 0:00:01]} d5 {[%emt 0:00:01]} 3. exd5 {[%emt 0:00:00]} cxd5 {[%emt 0:00:02]} 4. Nc3 {[%emt 0:00:00]} Bf5 {[%emt 0:00:01]} 5. Bd3 {[%emt 0:00:00]} Nf6 {[%emt 0:00:02]} 6. Bxf5 {[%emt 0:00:01]} e6 {[%emt 0:00:04]} 7. Bd3 {[%emt 0:00:02]} Bb4 {[%emt 0:00:06]} 8. Nge2 {[%emt 0:00:00]} Nbd7 {[%emt 0:00:02]} 9. Bf4 {[%emt 0:00:00]} Bxc3+ {[%emt 0:00:02]} 10. Qd2 {[%emt 0:00:00]} Bxd2+ {[%emt 0:00:08]} 11. Bxd2 {[%emt 0:00:00]} b6 {[%emt 0:00:06]} 12. O-O-O {[%emt 0:00:00]} O-O {[%emt 0:00:01]} 13. c3 {[%emt 0:00:00]} Qc7 {[%emt 0:00:08]} 14. f3 {[%emt 0:00:00]} e5 {[%emt 0:00:03]} 15. Kb1 {[%emt 0:00:00]} exd4 {[%emt 0:00:02]} 16. Nxd4 {[%emt 0:00:00]} Qd6 {[%emt 0:00:03]} 17. g4 {[%emt 0:00:00]} b5 {[%emt 0:00:04]} 18. g5 {[%emt 0:00:00] Zeit (Lag: Av=0.44s, max=0.6s)} 1-0

[Event "Stay Safe Play From Home 326"]
[Site "Mustafa Kemal Atatürk"]
[Date "2020.07.23"]
[Round "7"]
[White "Meini"]
[Black "Trotsky"]
[Result "0-1"]
[WhiteElo "1575"]
[BlackElo "1606"]
[Annotator "NA"]
[PlyCount "48"]
[EventDate "2020.07.23"]
[EventType "swiss (blitz)"]

1. d4 {[%emt 0:00:02]} d5 {[%emt 0:00:01]} 2. Bf4 {[%emt 0:00:01]} e6 {[%emt 0:00:00]} 3. e3 {[%emt 0:00:00]} c5 {[%emt 0:00:01]} 4. Nf3 {[%emt 0:00:01]} Nc6 {[%emt 0:00:01]} 5. c3 {[%emt 0:00:01]} c4 {[%emt 0:00:01]} 6. h3 {[%emt 0:00:02]} Bd6 {[%emt 0:00:01]} 7. Bxd6 {[%emt 0:00:02]} Qxd6 {[%emt 0:00:01]} 8. Be2 {[%emt 0:00:00]} Nf6 {[%emt 0:00:01]} 9. O-O {[%emt 0:00:00]} Bd7 {[%emt 0:00:01]} 10. Nbd2 {[%emt 0:00:01]} h5 {[%emt 0:00:01]} 11. Qc2 {[%emt 0:00:01]} Ng4 {[%emt 0:00:01]} 12. e4 {[%emt 0:00:02]} O-O-O {[%emt 0:00:02]} 13. e5 {[%emt 0:00:02]} Qc7 {[%emt 0:00:02]} 14. b3 {[%emt 0:00:01]} f6 {[%emt 0:00:01]} 15. bxc4 {[%emt 0:00:01]} fxe5 {[%emt 0:00:01]} 16. cxd5 {[%emt 0:00:02]} e4 {[%emt 0:00:02]} 17. Nxe4 {[%emt 0:00:06]} exd5 {[%emt 0:00:01]} 18. Neg5 {[%emt 0:00:06]} Rdf8 {[%emt 0:00:02]} 19. c4 {[%emt 0:00:10]} Kb8 {[%emt 0:00:02]} 20. cxd5 {[%emt 0:00:02]} Qd6 {[%emt 0:00:05]} 21. dxc6 {[%emt 0:00:02]} Bxc6 {[%emt 0:00:01]} 22. Rab1 {[%emt 0:00:05]} Bxf3 {[%emt 0:00:01]} 23. Nxf3 {[%emt 0:00:03]} Rxf3 {[%emt 0:00:02]} 24. g3 {[%emt 0:00:03]} Rxg3+ {[%emt 0:00:01] Zeit (Lag: Av=0.28s, max=0.4s)} 0-1

[Event "Stay Safe Play From Home 326"]
[Site "Mustafa Kemal Atatürk"]
[Date "2020.07.23"]
[Round "7"]
[White "Klasman"]
[Black "Edmatuag"]
[Result "0-1"]
[WhiteElo "1356"]
[BlackElo "1666"]
[Annotator "NA"]
[PlyCount "60"]
[EventDate "2020.07.23"]
[EventType "swiss (blitz)"]

1. f4 {[%emt 0:00:01]} d5 {[%emt 0:00:01]} 2. c4 {[%emt 0:00:01]} c6 {[%emt 0:00:00]} 3. Nc3 {[%emt 0:00:02]} Bf5 {[%emt 0:00:01]} 4. Qb3 {[%emt 0:00:02]} Qc8 {[%emt 0:00:03]} 5. cxd5 {[%emt 0:00:02]} c5 {[%emt 0:00:01]} 6. e4 {[%emt 0:00:03]} Bg4 {[%emt 0:00:01]} 7. h3 {[%emt 0:00:01]} Bd7 {[%emt 0:00:01]} 8. Bb5 {[%emt 0:00:04]} Na6 {[%emt 0:00:00]} 9. Bxd7+ {[%emt 0:00:05]} Qxd7 {[%emt 0:00:01]} 10. Nf3 {[%emt 0:00:02]} Nb4 {[%emt 0:00:00]} 11. Ne5 {[%emt 0:00:03]} Qc8 {[%emt 0:00:05]} 12. d6 {[%emt 0:00:03]} Nh6 {[%emt 0:00:05]} 13. d7+ {[%emt 0:00:02]} Qxd7 {[%emt 0:00:02]} 14. Nxd7 {[%emt 0:00:01]} Kxd7 {[%emt 0:00:00]} 15. O-O {[%emt 0:00:03]} e6 {[%emt 0:00:01]} 16. a3 {[%emt 0:00:01]} Nd3 {[%emt 0:00:02]} 17. Qc4 {[%emt 0:00:04]} Nxc1 {[%emt 0:00:02]} 18. Raxc1 {[%emt 0:00:02]} b6 {[%emt 0:00:00]} 19. f5 {[%emt 0:00:01]} exf5 {[%emt 0:00:05]} 20. exf5 {[%emt 0:00:01]} Bd6 {[%emt 0:00:01]} 21. Qd5 {[%emt 0:00:02]} Rhe8 {[%emt 0:00:07]} 22. Ne4 {[%emt 0:00:02]} Rxe4 {[%emt 0:00:01]} 23. Qxe4 {[%emt 0:00:01]} Re8 {[%emt 0:00:01]} 24. Qb7+ {[%emt 0:00:03]} Bc7 {[%emt 0:00:00]} 25. Qxa7 {[%emt 0:00:01]} Kc8 {[%emt 0:00:00]} 26. b4 {[%emt 0:00:02]} Re5 {[%emt 0:00:02]} 27. bxc5 {[%emt 0:00:01]} Rxc5 {[%emt 0:00:01]} 28. Rxc5 {[%emt 0:00:01]} bxc5 {[%emt 0:00:00]} 29. Rc1 {[%emt 0:00:01]} Nxf5 {[%emt 0:00:01]} 30. Rxc5 {[%emt 0:00:01]} Kd8 {[%emt 0:00:01] Time (Lag: Av=0.60s, max=1.1s)} 0-1

[Event "Stay Safe Play From Home 326"]
[Site "Mustafa Kemal Atatürk"]
[Date "2020.07.23"]
[Round "8"]
[White "Mepe_Nika"]
[Black "Lamborghini"]
[Result "1-0"]
[WhiteElo "2384"]
[BlackElo "2204"]
[PlyCount "117"]
[EventDate "2020.07.23"]
[EventType "swiss (blitz)"]

1. b3 {[%emt 0:00:01]} e5 {[%emt 0:00:01]} 2. Bb2 {[%emt 0:00:00]} Nc6 {[%emt 0:00:00]} 3. e3 {[%emt 0:00:00]} d5 {[%emt 0:00:00]} 4. Bb5 {[%emt 0:00:00]} Nge7 {[%emt 0:00:00]} 5. Nf3 {[%emt 0:00:01]} f6 {[%emt 0:00:02]} 6. O-O {[%emt 0:00:01]} Be6 {[%emt 0:00:01]} 7. c3 {[%emt 0:00:01]} a6 {[%emt 0:00:01]} 8. Bxc6+ {[%emt 0:00:01]} Nxc6 {[%emt 0:00:00]} 9. d4 {[%emt 0:00:00]} e4 {[%emt 0:00:00]} 10. Nfd2 {[%emt 0:00:01]} Ne7 {[%emt 0:00:02]} 11. c4 {[%emt 0:00:01]} c6 {[%emt 0:00:01]} 12. Ba3 {[%emt 0:00:01]} Nf5 {[%emt 0:00:01]} 13. Bxf8 {[%emt 0:00:01]} Kxf8 {[%emt 0:00:01]} 14. Nc3 {[%emt 0:00:01]} h5 {[%emt 0:00:01]} 15. Ne2 {[%emt 0:00:01]} h4 {[%emt 0:00:01]} 16. Nf4 {[%emt 0:00:00]} Bf7 {[%emt 0:00:01]} 17. Ne2 {[%emt 0:00:02]} g5 {[%emt 0:00:01]} 18. Nc3 {[%emt 0:00:01]} Qd6 {[%emt 0:00:01]} 19. Qe2 {[%emt 0:00:01]} Kg7 {[%emt 0:00:01]} 20. f3 {[%emt 0:00:01]} exf3 {[%emt 0:00:02]} 21. Rxf3 {[%emt 0:00:00]} Bh5 {[%emt 0:00:05]} 22. Raf1 {[%emt 0:00:01]} Bxf3 {[%emt 0:00:01]} 23. Qxf3 {[%emt 0:00:00]} Nh6 {[%emt 0:00:01]} 24. Kh1 {[%emt 0:00:01]} Rad8 {[%emt 0:00:03]} 25. e4 {[%emt 0:00:01]} dxc4 {[%emt 0:00:01]} 26. Nxc4 {[%emt 0:00:04]} Qxd4 {[%emt 0:00:01]} 27. e5 {[%emt 0:00:01]} f5 {[%emt 0:00:02]} 28. Qh5 {[%emt 0:00:04]} Qg4 {[%emt 0:00:02]} 29. Qxg4 {[%emt 0:00:02]} Nxg4 {[%emt 0:00:00]} 30. h3 {[%emt 0:00:02]} Nh6 {[%emt 0:00:03]} 31. Nd6 {[%emt 0:00:00]} Rxd6 {[%emt 0:00:01]} 32. exd6 {[%emt 0:00:01]} Rd8 {[%emt 0:00:00]} 33. Rd1 {[%emt 0:00:00]} Kf6 {[%emt 0:00:01]} 34. Na4 {[%emt 0:00:00]} Nf7 {[%emt 0:00:02]} 35. d7 {[%emt 0:00:01]} Ne5 {[%emt 0:00:01]} 36. Nc5 {[%emt 0:00:00]} b6 {[%emt 0:00:00]} 37. Nxa6 {[%emt 0:00:01]} c5 {[%emt 0:00:01]} 38. Nc7 {[%emt 0:00:01]} Rxd7 {[%emt 0:00:01]} 39. Nd5+ {[%emt 0:00:01]} Rxd5 {[%emt 0:00:01]} 40. Rxd5 {[%emt 0:00:01]} Ke6 {[%emt 0:00:01]} 41. Rd8 {[%emt 0:00:01]} Nc6 {[%emt 0:00:01]} 42. Rg8 {[%emt 0:00:02]} Nb4 {[%emt 0:00:02]} 43. a3 {[%emt 0:00:02]} Nc2 {[%emt 0:00:01]} 44. a4 {[%emt 0:00:01]} Nd4 {[%emt 0:00:01]} 45. Rg6+ {[%emt 0:00:01]} Kd5 {[%emt 0:00:01]} 46. Rxb6 {[%emt 0:00:00]} g4 {[%emt 0:00:01]} 47. hxg4 {[%emt 0:00:01]} fxg4 {[%emt 0:00:00]} 48. a5 {[%emt 0:00:00]} h3 {[%emt 0:00:00]} 49. gxh3 {[%emt 0:00:01]} gxh3 {[%emt 0:00:01]} 50. a6 {[%emt 0:00:01]} c4 {[%emt 0:00:01]} 51. bxc4+ {[%emt 0:00:01]} Kxc4 {[%emt 0:00:01]} 52. a7 {[%emt 0:00:01]} Nb5 {[%emt 0:00:00]} 53. Rxb5 {[%emt 0:00:01]} Kd3 {[%emt 0:00:01]} 54. a8=Q {[%emt 0:00:00]} Ke2 {[%emt 0:00:00]} 55. Qe4+ {[%emt 0:00:01]} Kf2 {[%emt 0:00:00]} 56. Rb2+ {[%emt 0:00:01]} Kg3 {[%emt 0:00:00]} 57. Rb3+ {[%emt 0:00:01]} Kf2 {[%emt 0:00:02]} 58. Qc2+ {[%emt 0:00:00]} Kf1 {[%emt 0:00:02]} 59. Rb1# {[%emt 0:00:00] (Lag: Av=0.44s, max=0.7s)} 1-0

[Event "Stay Safe Play From Home 326"]
[Site "Mustafa Kemal Atatürk"]
[Date "2020.07.23"]
[Round "8"]
[White "AChessPlayer"]
[Black "Stefanone"]
[Result "1-0"]
[WhiteElo "2349"]
[BlackElo "2024"]
[PlyCount "62"]
[EventDate "2020.07.23"]
[EventType "swiss (blitz)"]

1. Nf3 {[%emt 0:00:01]} d6 {[%emt 0:00:00]} 2. g3 {[%emt 0:00:00]} Nd7 {[%emt 0:00:01]} 3. Bg2 {[%emt 0:00:00]} e5 {[%emt 0:00:00]} 4. d3 {[%emt 0:00:01]} Ngf6 {[%emt 0:00:00]} 5. c4 {[%emt 0:00:01]} Be7 {[%emt 0:00:00]} 6. Nc3 {[%emt 0:00:00]} c6 {[%emt 0:00:00]} 7. O-O {[%emt 0:00:00]} Qc7 {[%emt 0:00:00]} 8. e4 {[%emt 0:00:01]} O-O {[%emt 0:00:01]} 9. d4 {[%emt 0:00:00]} g6 {[%emt 0:00:02]} 10. h3 {[%emt 0:00:02]} Nh5 {[%emt 0:00:01]} 11. Bh6 {[%emt 0:00:01]} Ng7 {[%emt 0:00:01]} 12. Rc1 {[%emt 0:00:01]} a6 {[%emt 0:00:01]} 13. Qd2 {[%emt 0:00:01]} c5 {[%emt 0:00:01]} 14. Nd5 {[%emt 0:00:01]} Qd8 {[%emt 0:00:02]} 15. dxe5 {[%emt 0:00:02]} Nxe5 {[%emt 0:00:01]} 16. Nxe5 {[%emt 0:00:01]} dxe5 {[%emt 0:00:01]} 17. Rcd1 {[%emt 0:00:01]} Be6 {[%emt 0:00:03]} 18. Qc1 {[%emt 0:00:02]} Bxd5 {[%emt 0:00:01]} 19. cxd5 {[%emt 0:00:01]} Bd6 {[%emt 0:00:01]} 20. f4 {[%emt 0:00:01]} f6 {[%emt 0:00:02]} 21. f5 {[%emt 0:00:03]} g5 {[%emt 0:00:01]} 22. h4 {[%emt 0:00:01]} gxh4 {[%emt 0:00:03]} 23. gxh4 {[%emt 0:00:00]} Qe8 {[%emt 0:00:01]} 24. Bf3 {[%emt 0:00:01]} Kh8 {[%emt 0:00:02]} 25. Kh1 {[%emt 0:00:01]} Nh5 {[%emt 0:00:01]} 26. Rg1 {[%emt 0:00:01]} Nf4 {[%emt 0:00:03]} 27. Bg7+ {[%emt 0:00:02]} Kg8 {[%emt 0:00:01]} 28. Bxf6+ {[%emt 0:00:02]} Kf7 {[%emt 0:00:01]} 29. Bg5 {[%emt 0:00:04]} Rg8 {[%emt 0:00:03]} 30. Qxf4 {[%emt 0:00:02]} exf4 {[%emt 0:00:00]} 31. Bh5+ {[%emt 0:00:00]} Rg6 {[%emt 0:00:02] Stefanone abbandona (Lag: Av=0.31s, max=0.5s)} 1-0

[Event "Stay Safe Play From Home 326"]
[Site "Mustafa Kemal Atatürk"]
[Date "2020.07.23"]
[Round "8"]
[White "Lazieri3"]
[Black "Trotsky"]
[Result "1-0"]
[WhiteElo "2127"]
[BlackElo "1621"]
[PlyCount "79"]
[EventDate "2020.07.23"]
[EventType "swiss (blitz)"]

1. e4 {[%emt 0:00:01]} c5 {[%emt 0:00:01]} 2. Nc3 {[%emt 0:00:00]} Nc6 {[%emt 0:00:01]} 3. d3 {[%emt 0:00:00]} Nf6 {[%emt 0:00:01]} 4. Nf3 {[%emt 0:00:00]} e6 {[%emt 0:00:00]} 5. Bg5 {[%emt 0:00:01]} Be7 {[%emt 0:00:01]} 6. h3 {[%emt 0:00:01]} d6 {[%emt 0:00:01]} 7. Be2 {[%emt 0:00:01]} a6 {[%emt 0:00:01]} 8. Qd2 {[%emt 0:00:01]} Qc7 {[%emt 0:00:01]} 9. O-O {[%emt 0:00:01]} b5 {[%emt 0:00:01]} 10. a3 {[%emt 0:00:01]} Bb7 {[%emt 0:00:00]} 11. Nd1 {[%emt 0:00:01]} Rd8 {[%emt 0:00:01]} 12. c3 {[%emt 0:00:01]} O-O {[%emt 0:00:01]} 13. Ne3 {[%emt 0:00:01]} Kh8 {[%emt 0:00:01]} 14. Ng4 {[%emt 0:00:02]} Nxg4 {[%emt 0:00:04]} 15. Bxe7 {[%emt 0:00:01]} Nxe7 {[%emt 0:00:02]} 16. hxg4 {[%emt 0:00:01]} f5 {[%emt 0:00:01]} 17. gxf5 {[%emt 0:00:01]} exf5 {[%emt 0:00:01]} 18. exf5 {[%emt 0:00:01]} Qc6 {[%emt 0:00:02]} 19. d4 {[%emt 0:00:02]} Nxf5 {[%emt 0:00:01]} 20. Rad1 {[%emt 0:00:03]} Nh4 {[%emt 0:00:01]} 21. d5 {[%emt 0:00:01]} Nxf3+ {[%emt 0:00:04]} 22. Bxf3 {[%emt 0:00:00]} Qd7 {[%emt 0:00:01]} 23. Be4 {[%emt 0:00:02]} g6 {[%emt 0:00:04]} 24. Qh6 {[%emt 0:00:02]} Qf7 {[%emt 0:00:03]} 25. Rd3 {[%emt 0:00:03]} Rg8 {[%emt 0:00:02]} 26. Rf3 {[%emt 0:00:02]} Qe8 {[%emt 0:00:02]} 27. Re1 {[%emt 0:00:01]} Bc8 {[%emt 0:00:01]} 28. Ree3 {[%emt 0:00:06]} Bg4 {[%emt 0:00:01]} 29. Rg3 {[%emt 0:00:01]} Qd7 {[%emt 0:00:03]} 30. Bf3 {[%emt 0:00:03]} Rdf8 {[%emt 0:00:03]} 31. Bxg4 {[%emt 0:00:02]} Qf7 {[%emt 0:00:01]} 32. Rgf3 {[%emt 0:00:01]} Qg7 {[%emt 0:00:04]} 33. Qxg7+ {[%emt 0:00:01]} Kxg7 {[%emt 0:00:02]} 34. Be6 {[%emt 0:00:01]} Rh8 {[%emt 0:00:01]} 35. Rxf8 {[%emt 0:00:01]} Rxf8 {[%emt 0:00:01]} 36. Rf3 {[%emt 0:00:00]} Rf6 {[%emt 0:00:01]} 37. Rxf6 {[%emt 0:00:01]} Kxf6 {[%emt 0:00:01]} 38. f4 {[%emt 0:00:00]} g5 {[%emt 0:00:02]} 39. g3 {[%emt 0:00:00]} h5 {[%emt 0:00:01]} 40. Kf2 {[%emt 0:00:01] . Âðåìÿ (Lag: Av=0.37s, max=0.6s)} 1-0